000 00842nam a2200229Ia 4500
005 20240118092237.0
008 131103s9999 xx 000 0 und d
020 _cRs. 70
040 _aLoreto College
041 _aEnglish
082 _a327.1
_bMIS
100 _aMishra, P. K.
245 _aIndia, Pakistan, Nepal and Bangladesh
_b India as a factor in the intra-regional interaction in South Asia
_cP. K. Mishra
260 _aDelhi
_bSundeep Prakashan
_c1979
300 _aviii,286 p.
_b ill.,maps
504 _aIncludes bibliographical references and index
630 _aAsia(South) - Foreign Policy - India - Foreign Policy - Pakistan - Foreign Policy - Napal - Foreign Policy - Bangladesh - Foreign Policy
650 _aPolitics - International Relations -
651 _aPolitical Science -
850 _aLCLIB
942 _cBK
999 _c1544
_d52023